00529nam a2200145Ia 4500003000500000005001700005008004100022020001800063050002100081100002200102245011500124260004200239300004100281500006100322PILC20160216092301.0140609s9999 xx 000 0 und d a9781405190633 aBF 76b.H45 2011 aHelms, Jeffrey L. aMajoring in psychology :bachieving your educational and career goals /cJeffrey L. Helms and Daniel T. Rogers aMalden, MA :bWiley-Blackwell,c2011. a311 pages :billustrations ;c25 cm. aIncludes bibliographical references, appendix and index.